[Event "Gibraltar Challengers A 2020"]
[Site "Caleta"]
[Date "2020.01.23"]
[Round "4.27"]
[White "Gostelow, David W"]
[Black "Hladik, Lumir"]
[Result "1-0"]
[WhiteElo "1901"]
[BlackElo "2018"]
[Annotator "NA"]
[PlyCount "109"]
[EventDate "2020.01.20"]
[EventType "swiss"]
[EventCountry "GGB"]
[SourceTitle "playchess.com"]
[Source "ChessBase"]
[SourceQuality "1"]
[TimeControl "6600+10"]

{[%evp 9,109,14,32767,32767,32767,32767,32767,3,32767,32767,29,32767,69,47,68,56,32767,32767,32767,32767,32767,90,103,32767,32767,32767,136,32767,32767,134,32767,32767,32767,145,223,32767,32767,32767,191,83,98,70,158,147,177,32767,32767,32767,32767,32767,32767,32767,32767,32767,32767,140,137,135,32767,32767,156,159,32767,32767,189,131,32767,129,32767,32767,32767,32767,32767,32767,32767,32767,32767,32767,32767,262,32767,276,460,303,1202,1442,32767,32767,5510,29985,29989,29991,29991,29989,29989,29991,29990,29992,29993,29992,29993,3358]} 1. d4 {[%emt 0:00:00]} Nf6 {[%emt 0:00:02]} 2. Bf4 {[%emt 0:00:00]} ({Predecessor:} 2. Nf3 e6 3. Bf4 d6 4. e3 Nbd7 5. h3 b6 6. c4 Bb7 7. Nc3 Be7 8. Be2 O-O 9. Qc2 Re8 {1-0 (34) Flament,F (2190)-Gregoire,T (2005) Bethune 2000}) 2... e6 {[%emt 0:00:47]} 3. e3 {[%emt 0:00:02]} b6 {[%emt 0:00:51]} 4. Nf3 {[%emt 0:00:05]} Bb7 {[%emt 0:00:14]} 5. Be2 {[%emt 0:00:40]} Be7 {[%emt 0:00:20]} 6. h3 {[%emt 0:00:23]} O-O {[%emt 0:00:11]} 7. O-O {[%emt 0:00:13]} d6 {[%emt 0:00:22]} 8. c4 {[%emt 0:00:40] A47: 1 d4 Nf6 2 Nf3 b6: Torre, London and Colle Systems} Nbd7 {[%emt 0:01:01]} 9. Nc3 {[%emt 0:00:22]} Re8 {[%emt 0:01:18]} 10. Qc2 {[%emt 0:01:25]} Nf8 $146 {[%emt 0:03:49]} (10... Bf8 11. Rfd1 Qc8 12. Bh2 e5 13. Rac1 g6 14. b4 Bg7 15. Qb3 h6 {1-0 (26) Grischuk,A (2795)-Kosteniuk,A (2541) Sochi 2014}) 11. Rfd1 {[%emt 0:01:46]} Ng6 {[%emt 0:00:34]} 12. Bh2 {[%emt 0:00:11]} Bf8 {[%emt 0:01:20]} 13. b4 {[%emt 0:03:36]} c6 {[%emt 0:04:18]} 14. a4 {[%emt 0:09:36]} Qc7 {[%emt 0:03:43]} 15. Rd2 {[%emt 0:09:01]} Rad8 {[%emt 0:00:44]} 16. Qd1 {[%emt 0:09:32]} Qc8 {[%emt 0:00:38]} 17. a5 {[%emt 0:02:31]} Nd7 {[%emt 0:11:49]} (17... c5 $14) 18. axb6 {[%emt 0:09:29]} axb6 {[%emt 0:00:21]} 19. Ra7 {[%emt 0:02:07]} Nb8 {[%emt 0:00:33]} 20. Ra1 {[%emt 0:07:42]} Be7 {[%emt 0:04:27]} 21. Qb3 {[%emt 0:06:14]} Rd7 {[%emt 0:00:51]} (21... c5 $16 {keeps fighting.}) 22. Na4 {[%emt 0:05:55]} Bd8 {[%emt 0:00:14]} 23. b5 {[%emt 0:06:22]} cxb5 {[%emt 0:05:51]} (23... c5 $16) 24. cxb5 {[%emt 0:01:23]} (24. Qxb5 $18 {and White stays clearly on top.} Bc6 25. Qb3 (25. Nxb6 Qb7 $16)) 24... Be4 {[%emt 0:06:59]} 25. Nc3 {[%emt 0:01:42]} Bb7 {[%emt 0:05:16]} (25... Bxf3 $1 $14 26. Bxf3 d5) 26. Rc2 {[%emt 0:00:07]} Be7 {[%emt 0:11:52]} 27. Rac1 {[%emt 0:00:32]} Qd8 {[%emt 0:01:57]} 28. Na2 {[%emt 0:00:42]} Bd5 {[%emt 0:02:10]} 29. Bc4 {[%emt 0:00:04]} Be4 {[%emt 0:02:21]} 30. Rc3 {[%emt 0:04:44]} d5 {[%emt 0:01:02]} 31. Be2 {[%emt 0:00:13]} Bxf3 {[%emt 0:02:17]} 32. Bxf3 {[%emt 0:01:56]} Bd6 {[%emt 0:02:14]} 33. Bxd6 {[%emt 0:00:28]} Rxd6 {[%emt 0:00:02]} 34. Nb4 {[%emt 0:00:16]} Nh4 {[%emt 0:01:38]} 35. Be2 {[%emt 0:05:23]} Qg5 {[%emt 0:00:44]} 36. g3 {[%emt 0:00:08]} Nf5 {[%emt 0:00:43]} 37. Kh2 {[%emt 0:01:10]} h5 {[%emt 0:00:09]} 38. h4 {[%emt 0:00:35]} Qf6 {[%emt 0:00:57]} 39. Nd3 {[%emt 0:02:05]} g5 {[%emt 0:02:41]} 40. hxg5 {[%emt 0:03:13]} Qxg5 {[%emt 0:00:29]} 41. Ne5 {[%emt 0:02:57]} h4 {[%emt 0:00:56]} 42. g4 {[%emt 0:00:07]} Ne7 {[%emt 0:03:14]} 43. f4 {[%emt 0:00:14]} Qg7 {[%emt 0:00:43]} 44. Kh3 {[%emt 0:00:41]} f6 {[%emt 0:00:57]} 45. Nf3 {[%emt 0:01:48]} Kf7 $2 {[%emt 0:00:19]} (45... Rd7 {was necessary.} 46. Bd3 (46. Nxh4 Kf7 $16) 46... Kf7) 46. Rc7 {[%emt 0:00:39]} ({Less strong is} 46. Nxh4 Rh8 $16) 46... Nd7 $2 {[%emt 0:00:11]} (46... Rd7 47. Rxd7 (47. Nxh4 Rh8 $16) 47... Nxd7) 47. Qb4 {[%emt 0:00:30]} Nf5 {[%emt 0:00:28]} 48. Rg1 {[%emt 0:00:52]} Qf8 {[%emt 0:02:55]} 49. gxf5 {[%emt 0:00:19]} exf5 {[%emt 0:00:13] [#]} 50. Ne5+ $1 {[%emt 0:02:00]} fxe5 {[%emt 0:00:25]} 51. dxe5 {[%emt 0:00:14]} Ree6 {[%emt 0:02:19]} 52. Bh5+ {[%emt 0:01:08]} Ke7 {[%emt 0:00:04]} 53. exd6+ {[%emt 0:00:20]} Kd8 {[%emt 0:00:11]} 54. Qa3 {[%emt 0:00:57]} Rxd6 {[%emt 0:00:57] [#]} 55. Rc6 $18 {[%emt 0:00:08]} (55. Rxd7+ $142 $1 Kxd7 (55... Rxd7 56. Qxf8+) 56. Qa7+ Kd8 57. Qb8+ Kd7 58. Qxf8 Rg6 59. Rxg6 d4 60. Qf7+ Kd8 61. Rg8#) 1-0

[Event "Gibraltar Challengers A 2020"]
[Site "Caleta"]
[Date "2020.01.23"]
[Round "4.28"]
[White "Verhoef, Jaap"]
[Black "Fischer, Robert"]
[Result "1-0"]
[WhiteElo "2015"]
[BlackElo "1923"]
[Annotator "NA"]
[PlyCount "53"]
[EventDate "2020.01.20"]
[EventType "swiss"]
[EventCountry "GGB"]
[SourceTitle "playchess.com"]
[Source "ChessBase"]
[SourceQuality "1"]
[TimeControl "6600+10"]

1. e4 {[%emt 0:00:00]} c6 {[%emt 0:00:00]} 2. d4 {[%emt 0:00:00]} d5 {[%emt 0:00:00]} 3. Nd2 {[%emt 0:00:00]} dxe4 {[%emt 0:00:04]} 4. Nxe4 {[%emt 0:00:01]} Nf6 {[%emt 0:00:02]} 5. Nxf6+ {[%emt 0:00:13]} exf6 {[%emt 0:00:03]} 6. Ne2 {[%emt 0:03:32] B15: Caro-Kann: 3 Nc3: 3...g6 and 3...dxe4 4 Nxe4 Nf6 5 Nxf6+ exf6} (6. c3 Bd6 7. Bd3 O-O 8. Qc2 Re8+ 9. Ne2 h5 10. O-O h4 11. h3 Nd7 12. Bf4 Nf8 13. Qd2 Ng6 14. Bxd6 Qxd6 15. Rae1 Be6 16. Bxg6 fxg6 {½-½ (30) Popov,I (2636)-Artemiev,V (2731) Moscow 2019}) 6... Bd6 {[%emt 0:01:21]} 7. Bf4 {[%emt 0:00:09]} O-O {[%emt 0:00:51]} 8. Qd2 {[%emt 0:00:02]} Be6 {[%emt 0:03:02]} 9. Nc3 {[%emt 0:08:44]} Re8 {[%emt 0:02:25]} 10. O-O-O $146 {[%emt 0:00:13]} ({Predecessor:} 10. Be2 Bxf4 11. Qxf4 Bc4 12. Qd2 Bxe2 13. Nxe2 Qe7 {½-½ (49) Weiler,W-Epding,V Cologne 1994}) 10... Bb4 {[%emt 0:02:56]} 11. a3 {[%emt 0:06:21]} Qa5 {[%emt 0:06:11]} 12. axb4 {[%emt 0:04:05]} Qa1+ {[%emt 0:01:23]} 13. Nb1 {[%emt 0:00:02]} Ba2 {[%emt 0:09:54]} 14. Qc3 {[%emt 0:03:04]} Bxb1 {[%emt 0:04:20]} 15. Kd2 {[%emt 0:02:49]} a5 {[%emt 0:01:42]} 16. Bc4 {[%emt 0:02:14]} axb4 {[%emt 0:04:41]} 17. Qxb4 {[%emt 0:10:49]} Qa7 {[%emt 0:06:18]} 18. Bxf7+ {[%emt 0:08:53]} Kxf7 {[%emt 0:00:45]} 19. Rxb1 {[%emt 0:00:12]} Na6 {[%emt 0:02:50]} (19... Qa4 $16 20. Qxa4 (20. Qxb7+ Re7 $16) 20... Rxa4) 20. Qc4+ {[%emt 0:00:31]} Kg6 {[%emt 0:00:30]} 21. h4 {[%emt 0:01:12]} Rad8 $2 {[%emt 0:02:19]} (21... h6 $16 22. c3 (22. Qd3+ Kf7 $18) 22... Kh7) 22. h5+ {[%emt 0:01:39]} Kf5 {[%emt 0:00:19]} 23. Be3 {[%emt 0:00:01]} Nc5 {[%emt 0:08:56]} 24. g4+ {[%emt 0:05:30]} Kxg4 {[%emt 0:02:30]} 25. d5+ $2 {[%emt 0:07:19]} (25. Rbg1+ {mates} Kf5 {[#]} 26. Rg5+ $1 {[%mdl 512]} fxg5 27. Qf7+ {[%mdl 64] Double Attack} Kg4 28. Rg1+ Kh4 29. Bxg5+ {[%mdl 64] Double Attack} Kh3 30. Qf3+ Kh2 31. Rh1#) 25... Re4 $2 {[%emt 0:00:41] [#]} (25... Ne4+ 26. Qxe4+ Rxe4 27. Bxa7 Kf5) 26. f3+ $1 {[%emt 0:00:25] Double Attack, Pin} Kxf3 {[%emt 0:01:34]} 27. Qf1+ {[%emt 0:00:26] Kxe3+} 1-0

[Event "Gibraltar Challengers A 2020"]
[Site "Caleta"]
[Date "2020.01.23"]
[Round "4.29"]
[White "Hng, Mei-Xian Eunice"]
[Black "Skutta, Bernd"]
[Result "1-0"]
[WhiteElo "1661"]
[BlackElo "1998"]
[Annotator "NA RC"]
[PlyCount "113"]
[EventDate "2020.01.20"]
[EventType "swiss"]
[EventCountry "GGB"]
[SourceTitle "playchess.com"]
[Source "ChessBase"]
[SourceQuality "1"]
[TimeControl "6600+10"]

{[%evp 9,111,35,32767,32767,32767,32767,32767,32767,32767,-8,32767,32767,32767,11,32767,32767,32767,32767,0,32767,-6,32767,32767,-25,-9,-26,-12,-22,32767,-14,32767,32767,-15,32767,32767,82,83,106,32767,191,345,375,372,328,663,696,654,794,1544,967,914,966,872,1540,2324,1148,897,757,912,568,456,622,860,32767,1087,32767,3592,32767,32767,1956,4814,1237,32767,32767,32767,32767,6191,32767,29989,29975,32767,32767,29989,32767,32767,32767,32767,1160,29997,32767,32767,32767,32767,32767,32767,32767,32767,32767,32767,32767,29989,32767,32767,29993]} 1. e4 {[%emt 0:00:00]} g6 {[%emt 0:03:28]} 2. d4 {[%emt 0:00:07]} Bg7 {[%emt 0:00:05]} 3. Nc3 {[%emt 0:00:18]} c6 {[%emt 0:00:38]} 4. Nf3 {[%emt 0:05:26]} d6 {[%emt 0:00:41]} 5. h3 {[%emt 0:04:49]} Nf6 {[%emt 0:02:21]} 6. Be2 {[%emt 0:00:41]} O-O {[%emt 0:00:46]} 7. O-O {[%emt 0:02:32]} Nbd7 {[%emt 0:00:48]} 8. e5 {[%emt 0:08:36]} Ne8 {[%emt 0:05:53]} 9. Bg5 {[%emt 0:10:17] B08: Pirc Defence: Classical System} (9. Re1 dxe5 10. dxe5 Nc7 11. Bf4 Nb6 12. Qc1 Ne6 13. Bh6 Nd5 14. Ne4 f5 15. Ng3 b5 16. Bxg7 Kxg7 17. c4 bxc4 18. Bxc4 {½-½ (37) Sheng,J (2483)-Gabuzyan,H (2610) Greensboro 2019}) 9... f6 {[%emt 0:02:45]} 10. exf6 {[%emt 0:07:26]} exf6 {[%emt 0:04:43]} 11. Be3 {[%emt 0:01:46]} d5 {[%emt 0:09:27]} 12. Qd2 {[%emt 0:09:23]} Rf7 $146 {[%emt 0:05:49]} ({Predecessor:} 12... g5 13. Nh2 Nd6 14. f4 h6 15. fxg5 hxg5 16. b3 Nf7 {0-1 (34) Roebers,J (2097)-Lanchava,T (2314) Hilversum 2019}) 13. a4 {[%emt 0:03:32]} Nd6 {[%emt 0:02:03]} 14. Bf4 {[%emt 0:04:22]} Nf8 {[%emt 0:03:31]} 15. Bd3 {[%emt 0:06:01]} Ne6 {[%emt 0:03:45]} 16. Bg3 {[%emt 0:02:34]} f5 {[%emt 0:20:57]} 17. Ne5 {[%emt 0:09:37]} Rf8 {[%emt 0:01:05]} 18. Ne2 $1 {[%emt 0:02:01]} Ne4 {[%emt 0:12:11]} 19. Bxe4 $1 {[%emt 0:03:39]} dxe4 {[%emt 0:01:17]} 20. Rad1 {[%emt 0:04:48]} g5 {[%emt 0:03:24]} 21. f4 {[%emt 0:02:46]} Bxe5 {[%emt 0:09:04]} 22. dxe5 {[%emt 0:02:09]} Qb6+ {[%emt 0:00:45]} 23. Kh2 {[%emt 0:01:10]} Qxb2 {[%emt 0:09:00]} 24. fxg5 {[%emt 0:03:10]} Rd8 {[%emt 0:00:46]} (24... Qa3 {is a better defense.} 25. g6 hxg6) 25. Qxd8+ {[%emt 0:05:30]} Nxd8 {[%emt 0:00:08]} 26. Rxd8+ {[%emt 0:00:04]} Kg7 $2 {[%emt 0:01:41] [#]} (26... Kf7 27. Rfd1 Qxc2) 27. e6 $1 {[%emt 0:00:56]} Bxe6 {[%emt 0:00:45]} 28. Rxa8 {[%emt 0:00:07]} Qxc2 {[%emt 0:01:01]} 29. Nd4 {[%emt 0:01:27]} Qc4 {[%emt 0:00:06]} 30. Nxe6+ {[%emt 0:01:45]} Qxe6 {[%emt 0:00:02]} 31. Rxa7 {[%emt 0:00:08]} e3 {[%emt 0:01:39]} 32. Rxb7+ {[%emt 0:02:21]} Kg6 {[%emt 0:00:02]} 33. Rbb1 {[%emt 0:01:18]} Qe4 {[%emt 0:00:22]} 34. a5 {[%emt 0:00:48]} f4 {[%emt 0:01:05]} 35. Bh4 {[%emt 0:01:55]} e2 $2 {[%emt 0:00:37]} (35... Kh5 36. a6 e2) 36. Rfe1 {[%emt 0:00:34]} Kh5 {[%emt 0:00:47]} 37. Bf2 {[%emt 0:00:36]} f3 {[%emt 0:00:40]} 38. g3 {[%emt 0:00:45]} Qd3 {[%emt 0:00:30]} 39. Ra1 {[%emt 0:00:25]} Qa6 {[%emt 0:00:06]} 40. h4 {[%emt 0:00:11]} h6 {[%emt 0:00:14]} 41. gxh6 {[%emt 0:00:11]} Kxh6 {[%emt 0:00:02]} 42. Ra3 {[%emt 0:00:19]} Kh5 {[%emt 0:01:07]} 43. Rxf3 {[%emt 0:00:04]} Qxa5 {[%emt 0:00:35]} 44. Re3 {[%emt 0:00:05]} Kg4 {[%emt 0:00:21]} 45. R1xe2 {[%emt 0:00:07]} Qb5 {[%emt 0:00:10]} 46. Re4+ {[%emt 0:00:21]} Kf3 {[%emt 0:00:04]} 47. R4e3+ {[%emt 0:00:01]} Kg4 {[%emt 0:00:01]} 48. Rd2 {[%emt 0:00:10]} c5 {[%emt 0:00:12]} 49. Rc3 {[%emt 0:00:10]} c4 {[%emt 0:00:05]} 50. Rd4+ {[%emt 0:00:03]} Kf5 {[%emt 0:00:06]} 51. Rdxc4 {[%emt 0:00:20]} Qb2 {[%emt 0:00:03]} 52. Kg2 {[%emt 0:00:11]} Qb7+ {[%emt 0:00:04]} 53. Rf3+ {[%emt 0:00:06]} Kg6 {[%emt 0:00:09]} 54. Rcf4 {[%emt 0:00:04]} Qa8 {[%emt 0:00:07]} 55. g4 {[%emt 0:00:03]} Qb7 {[%emt 0:00:11]} 56. h5+ {[%emt 0:00:12]} Kg7 {[%emt 0:00:07]} 57. Rf7+ {[%emt 0:00:04]} 1-0

[Event "Gibraltar Challengers A 2020"]
[Site "Caleta"]
[Date "2020.01.23"]
[Round "4.30"]
[White "Alami, Halim"]
[Black "Hermes, Geoff R"]
[Result "1-0"]
[WhiteElo "1987"]
[BlackElo "1832"]
[Annotator "NA"]
[PlyCount "35"]
[EventDate "2020.01.20"]
[EventType "swiss"]
[EventCountry "GGB"]
[SourceTitle "playchess.com"]
[Source "ChessBase"]
[SourceQuality "1"]
[TimeControl "6600+10"]

1. e4 {[%emt 0:00:00]} d6 {[%emt 0:00:00]} 2. d4 {[%emt 0:00:02]} Nf6 {[%emt 0:00:01]} 3. Bd3 {[%emt 0:00:57]} e5 {[%emt 0:00:28]} 4. c3 {[%emt 0:00:51]} Be7 {[%emt 0:00:58]} 5. Ne2 {[%emt 0:00:14]} O-O {[%emt 0:00:32]} 6. O-O {[%emt 0:00:53]} c6 {[%emt 0:02:56]} 7. f4 {[%emt 0:00:30]} Nbd7 {[%emt 0:01:11]} 8. Nd2 {[%emt 0:01:29]} Re8 {[%emt 0:03:53]} 9. Nf3 {[%emt 0:01:43]} Bf8 {[%emt 0:01:37]} 10. Ng3 $14 {[%emt 0:02:52]} Qc7 {[%emt 0:12:37]} 11. fxe5 {[%emt 0:01:25]} dxe5 {[%emt 0:00:53]} 12. Ng5 {[%emt 0:01:53]} Nb6 {[%emt 0:17:38]} 13. Nh5 {[%emt 0:12:25]} Ng4 {[%emt 0:23:11]} 14. Rxf7 {[%emt 0:03:19]} Qxf7 {[%emt 0:00:11]} 15. Nxf7 {[%emt 0:00:08]} Kxf7 {[%emt 0:00:04]} 16. h3 {[%emt 0:00:37]} Nf6 {[%emt 0:01:08]} 17. Nxf6 {[%emt 0:00:14]} gxf6 {[%emt 0:00:28]} 18. Qh5+ {[%emt 0:00:28]} 1-0

[Event "Gibraltar Challengers A 2020"]
[Site "Caleta"]
[Date "2020.01.23"]
[Round "4.31"]
[White "Herzwurm, Robert"]
[Black "Kunnavakkam, Sudarshanagopal Vin"]
[Result "1-0"]
[WhiteElo "1979"]
[BlackElo "1786"]
[Annotator "NA"]
[PlyCount "43"]
[EventDate "2020.01.20"]
[EventType "swiss"]
[EventCountry "GGB"]
[SourceTitle "playchess.com"]
[Source "ChessBase"]
[SourceQuality "1"]
[TimeControl "6600+10"]

{[%evp 9,43,-7,61,57,32767,32767,72,57,70,32767,32767,32767,92,32767,32767,32767,32767,32767,32767,32767,32767,355,32767,32767,1262,976,1591,1807,2150,1954,882,1462,32767,32767,32767,29979]} 1. e4 {[%emt 0:00:00]} c5 {[%emt 0:01:12]} 2. Nc3 {[%emt 0:00:08]} Nc6 {[%emt 0:00:33]} 3. f4 {[%emt 0:00:17]} g6 {[%emt 0:00:17]} 4. Nf3 {[%emt 0:00:09]} Bg7 {[%emt 0:01:33]} 5. Bb5 {[%emt 0:00:21]} a6 {[%emt 0:00:28]} (5... Nd4 $11) 6. Bxc6 $1 {[%emt 0:00:10]} dxc6 {[%emt 0:00:07]} 7. O-O {[%emt 0:01:11] B23: Closed Sicilian: Lines without g3} (7. e5 Nh6 8. O-O O-O 9. Kh1 Nf5 10. Ne4 b6 11. d3 a5 12. Bd2 Ba6 13. b3 Bh6 14. g4 Nd4 15. Nxd4 cxd4 {1-0 (35) Da Silva,F (1847)-Silveira,J (1661) Fortaleza 2019}) 7... Nf6 {[%emt 0:00:14]} 8. d3 {[%emt 0:00:57]} O-O {[%emt 0:03:37]} 9. Qe1 {[%emt 0:01:18]} Re8 {[%emt 0:13:57]} 10. Kh1 $146 {[%emt 0:10:49]} ({Predecessor:} 10. Qh4 Nh5 11. g4 Nf6 12. f5 Nd7 13. Bh6 Bh8 14. Ng5 Bd4+ 15. Kh1 Bf6 16. fxg6 fxg6 17. Rf2 {1-0 (17) Garcia,L-Rios,J Yumbo 2009}) 10... Nd7 {[%emt 0:07:57]} 11. f5 {[%emt 0:13:30]} e6 {[%emt 0:19:22]} 12. fxg6 {[%emt 0:09:26]} hxg6 {[%emt 0:02:29]} 13. e5 {[%emt 0:08:04]} f6 {[%emt 0:07:41]} 14. Qg3 {[%emt 0:10:43]} Nf8 {[%emt 0:03:54]} 15. Ne4 {[%emt 0:06:11]} b6 {[%emt 0:01:07]} 16. exf6 {[%emt 0:06:46]} Bxf6 {[%emt 0:01:22] [#]} 17. Ne5 $1 {[%emt 0:02:49]} Bxe5 {[%emt 0:01:50]} 18. Qxe5 {[%emt 0:00:14]} Nh7 {[%emt 0:00:14]} 19. Bh6 {[%emt 0:05:01]} Ra7 {[%emt 0:01:02] [#]} 20. Rf6 $18 {[%emt 0:07:12]} Nxf6 {[%emt 0:01:04]} 21. Nxf6+ {[%emt 0:00:28]} Kf7 {[%emt 0:00:04]} 22. Rf1 {[%emt 0:06:25] Decoy} 1-0

[Event "Gibraltar Challengers A 2020"]
[Site "Caleta"]
[Date "2020.01.23"]
[Round "4.32"]
[White "Niharika Ch"]
[Black "Tkadlecek, Petr"]
[Result "1-0"]
[WhiteElo "1865"]
[BlackElo "1775"]
[Annotator "NA"]
[PlyCount "77"]
[EventDate "2020.01.20"]
[EventType "swiss"]
[EventCountry "GGB"]
[SourceTitle "playchess.com"]
[Source "ChessBase"]
[SourceQuality "1"]
[TimeControl "6600+10"]

1. e4 {[%emt 0:00:00]} c6 {[%emt 0:00:32]} 2. d4 {[%emt 0:00:00]} g6 {[%emt 0:00:19]} 3. Nc3 {[%emt 0:00:06]} Bg7 {[%emt 0:00:06]} 4. Nf3 {[%emt 0:00:08]} d6 {[%emt 0:00:17]} 5. Be3 {[%emt 0:00:14]} Nf6 {[%emt 0:00:37]} 6. h3 {[%emt 0:00:05]} O-O {[%emt 0:00:11]} 7. Qd2 {[%emt 0:00:03]} a5 {[%emt 0:01:50]} 8. a4 {[%emt 0:00:16]} Na6 {[%emt 0:01:13]} 9. Bc4 {[%emt 0:01:10] B08: Pirc Defence: Classical System} Nb4 {[%emt 0:04:19]} 10. Bb3 {[%emt 0:00:07]} b6 {[%emt 0:01:09]} 11. Rd1 $146 {[%emt 0:00:11]} ({Predecessor:} 11. O-O Ba6 12. Rfe1 Qc7 13. Bf4 Nh5 14. Bh6 Rad8 15. Bxg7 Kxg7 {1-0 (25) Pavlov,M (2371)-Belikov,V (2506) Alushta 2009}) 11... Ba6 {[%emt 0:04:55]} 12. Bh6 {[%emt 0:01:16]} e6 {[%emt 0:01:54]} 13. Qf4 {[%emt 0:05:03]} Nh5 {[%emt 0:01:34]} 14. Qg5 {[%emt 0:04:03]} (14. Qe3 $11 {remains equal.}) 14... Qxg5 {[%emt 0:02:31]} 15. Bxg5 {[%emt 0:00:21]} h6 {[%emt 0:02:15]} (15... c5 $15 16. g4 Nf6 17. dxc5 dxc5) 16. Be7 {[%emt 0:00:50] Double Attack} Rfc8 {[%emt 0:02:10]} 17. Bxd6 {[%emt 0:00:43]} Nf6 {[%emt 0:00:25]} 18. e5 {[%emt 0:06:47]} Nfd5 {[%emt 0:04:13]} 19. Ne2 {[%emt 0:12:51]} Bf8 {[%emt 0:04:41]} 20. Bxf8 {[%emt 0:00:36]} Bxe2 {[%emt 0:04:04]} 21. Kxe2 {[%emt 0:00:16]} Kxf8 {[%emt 0:00:04]} 22. Rhe1 {[%emt 0:02:49]} ({White should play} 22. c3 $16 Nf4+ 23. Kf1) 22... Nf4+ {[%emt 0:05:13]} 23. Kf1 {[%emt 0:00:05]} g5 {[%emt 0:01:15]} 24. Re4 {[%emt 0:01:25]} Kg7 {[%emt 0:09:23]} 25. h4 {[%emt 0:00:11]} Kg6 {[%emt 0:05:07]} (25... Ng6 $142 26. hxg5 h5) 26. g3 {[%emt 0:00:25]} Kf5 {[%emt 0:04:33]} (26... Nfd5 $142 27. c3 Na6 28. hxg5 hxg5) 27. Rde1 {[%emt 0:04:02]} Nh3 {[%emt 0:05:49]} 28. c3 {[%emt 0:02:52]} Nd3 {[%emt 0:03:05]} 29. Bc2 {[%emt 0:08:42]} Nhxf2 {[%emt 0:02:50]} 30. R4e3 {[%emt 0:02:11]} Kg4 {[%emt 0:06:15]} 31. Bxd3 $18 {[%emt 0:01:32]} Nxd3 {[%emt 0:05:34]} 32. Rxd3 {[%emt 0:00:04]} Kxg3 {[%emt 0:01:34]} 33. Nxg5+ {[%emt 0:02:16]} Kxh4 {[%emt 0:00:15]} 34. Nxf7 {[%emt 0:00:03]} Rf8 {[%emt 0:01:22]} 35. Re4+ {[%emt 0:00:49]} Kh5 {[%emt 0:00:43]} 36. Rf4 {[%emt 0:00:04]} Ra7 {[%emt 0:05:36]} 37. Rh3+ {[%emt 0:02:15]} Kg6 {[%emt 0:00:36]} 38. Rf6+ {[%emt 0:00:05]} Kg7 {[%emt 0:00:51]} 39. Rg3+ {[%emt 0:00:07]} 1-0

[Event "Gibraltar Challengers A 2020"]
[Site "Caleta"]
[Date "2020.01.23"]
[Round "4.33"]
[White "Garcia-Blazquez Perez, Manuel"]
[Black "Nergard, Ole-Kristian"]
[Result "1-0"]
[WhiteElo "1825"]
[BlackElo "1667"]
[Annotator "NA"]
[PlyCount "66"]
[EventDate "2020.01.20"]
[EventType "swiss"]
[EventCountry "GGB"]
[SourceTitle "playchess.com"]
[Source "ChessBase"]
[SourceQuality "1"]
[TimeControl "6600+10"]

1. e4 {[%emt 0:04:08]} c5 {[%emt 0:02:00]} 2. Nf3 {[%emt 0:00:05]} d6 {[%emt 0:00:08]} 3. d4 {[%emt 0:00:07]} cxd4 {[%emt 0:00:13]} 4. Nxd4 {[%emt 0:00:05]} Nf6 {[%emt 0:00:04]} 5. Nc3 {[%emt 0:00:06]} g6 {[%emt 0:00:20]} 6. Be3 {[%emt 0:00:09]} Bg7 {[%emt 0:00:22]} 7. f3 {[%emt 0:00:05]} Nc6 {[%emt 0:00:18]} 8. Qd2 {[%emt 0:00:30]} O-O {[%emt 0:00:17]} 9. O-O-O {[%emt 0:00:07]} d5 {[%emt 0:00:14]} 10. Kb1 {[%emt 0:08:18]} ({White should play} 10. exd5 $16 Nxd5 11. Nxc6 bxc6 12. Nxd5 cxd5 13. Qxd5) 10... Nxd4 {[%emt 0:07:38]} 11. e5 {[%emt 0:00:17] [#]} Nxf3 $1 {[%emt 0:04:02]} 12. gxf3 {[%emt 0:01:29] B76: Sicilian Dragon: Yugoslav Attack, 9 g4 and 9 0-0-0} Nd7 {[%emt 0:00:30]} (12... Nh5 13. Nxd5 Be6 14. Bc4 Bxe5 15. Bh6 Bg7 16. Bxg7 Nxg7 17. Qb4 Bxd5 18. Bxd5 Qc7 19. Qxb7 Rac8 20. Qxc7 Rxc7 {½-½ (45) Oskulski,J (2495)-Haugen,A (2591) ICCF email 2007}) 13. f4 {[%emt 0:05:02]} (13. Nxd5 $16 Bxe5 14. Bg5) 13... e6 {[%emt 0:02:09]} 14. Nb5 $146 {[%emt 0:00:24]} ({Predecessor:} 14. h4 h5 15. Be2 b6 16. Rdg1 Bb7 17. Bd4 Kh7 18. Bxh5 Bh6 19. Be2 Rg8 {1-0 (28) Plenca,J (2353)-Kinez,I (2098) Zagreb 2013}) 14... f6 {[%emt 0:04:18]} 15. c4 {[%emt 0:03:17]} a6 $2 {[%emt 0:06:26]} (15... fxe5 $17 16. cxd5 exf4 17. Bxf4 Nf6 18. dxe6 Bxe6) 16. cxd5 {[%emt 0:00:18]} exd5 {[%emt 0:01:28]} 17. Qxd5+ {[%emt 0:00:07]} Kh8 {[%emt 0:00:16]} 18. Na7 {[%emt 0:00:53]} Rxa7 {[%emt 0:05:53]} 19. e6 {[%emt 0:01:56]} Ra8 {[%emt 0:00:11]} 20. exd7 {[%emt 0:00:07]} Bxd7 {[%emt 0:02:21]} 21. Qxd7 {[%emt 0:00:08]} Qa5 {[%emt 0:00:33]} 22. Qd2 {[%emt 0:00:31]} Qa4 {[%emt 0:01:15]} 23. Qc2 {[%emt 0:04:55]} Qe8 {[%emt 0:00:24]} 24. Bd4 {[%emt 0:01:39]} Rc8 {[%emt 0:00:14]} 25. Qe2 {[%emt 0:01:08]} Qf7 {[%emt 0:00:22]} 26. Bg2 {[%emt 0:01:30]} b5 {[%emt 0:00:20]} 27. h4 {[%emt 0:00:10]} a5 {[%emt 0:01:05]} 28. h5 {[%emt 0:00:09]} a4 {[%emt 0:00:01]} 29. hxg6 {[%emt 0:00:16]} Qxg6+ $18 {[%emt 0:00:02]} 30. f5 {[%emt 0:07:23]} Qf7 {[%emt 0:00:01]} 31. Qh5 {[%emt 0:00:35]} Qxh5 {[%emt 0:00:30]} 32. Rxh5 {[%emt 0:00:07]} Rc4 {[%emt 0:00:29]} 33. Bd5 {[%emt 0:07:41]} Rc7 {[%emt 0:00:03]} 1-0